Polacy w La Liga - Statystyki

Ogólne statystyki
  • Ten quiz został rozwiązany 54 razy
  • Średni wynik to 10 z 24
Statystyki odpowiedzi
Kluby
Piłkarze
% Poprawnych
FC Barcelona Wojciech Szczęsny
96%
Fc Barcelona Robert Lewandowski
90%
Real Madryt Jerzy Dudek
86%
Real Betis Wojciech Kowalczyk
72%
Sevilla FC Grzegorz Krychowiak
70%
CA Osasuna, Real Valladolid Jan Urban
66%
Racing Santander Euzebiusz Smolarek
62%
CA Osasuna, Atlético Madryt Roman Kosecki
60%
Granada CF Kamil Jóźwiak
56%
Elche CF, Deportivo La Coruña Przemysław Tytoń
38%
Deportivo La Coruña Cezary Wilk
36%
SD Eibar Damian Kądzior
34%
Granada CF Kamil Piątkowski
34%
Hercules Alicante Jan Tomaszewski
24%
Málaga CF Bartłomiej Pawłowski
22%
Real Betis Damien Perquis
20%
CA Osasuna Jacek Ziober
20%
Sporting Gijón Cezary Kucharski
16%
Levante UD Dariusz Dudka
16%
CA Osasuna Mirosław Trzeciak
14%
CP Mérida Jerzy Podbrożny
8%
CA Osasuna Ryszard Staniek
8%
Getafe CF Eugen Polanski
6%
CD Logroñés Grzegorz Lewandowski
4%
Nie znaleziono quizów pasujących do podanych kryteriów
Rozkład punktacji
Procent ludzi z każdym wynikiem
Percentyl według liczby udzielonych odpowiedzi
Twoja historia wyników
Nie rozwiązałeś tego quizu